书目信息 |
| 题名: |
国际恐怖主义
|
|
| 作者: | 刘恩照 著 | |
| 分册: | ||
| 出版信息: | 北京 世界知识出版社 2006 |
|
| 页数: | 14,332页 | |
| 开本: | 23cm | |
| 丛书名: | ||
| 单 册: | ||
| 中图分类: | D588 | |
| 科图分类: | ||
| 主题词: | 恐怖主义--研究--世界 , 反恐怖活动--研究--世界 , 恐怖主义 , 反恐怖活动 | |
| 电子资源: | ||
| ISBN: | 7-5012-3007-2 | |
| 000 | 00773nam0 2200253 450 | |
| 001 | 1249971304 | |
| 005 | 20121005135511.51 | |
| 010 | @a7-5012-3007-2@dCNY36.00 | |
| 100 | @a20070327d2006 em y0chiy50 ea | |
| 101 | 0 | @achi |
| 102 | @aCN@b110000 | |
| 105 | @ay z 000yy | |
| 200 | 1 | @a国际恐怖主义@Aguo ji kong bu zhu yi@f刘恩照著 |
| 210 | @a北京@c世界知识出版社@d2006 | |
| 215 | @a14,332页@d23cm | |
| 330 | @a本书引用了大量的国际反恐法规,列举了大量的恐怖活动事件案例,把二者按时间次序,分门别类,介绍给读者。 | |
| 606 | 0 | @a恐怖主义@x研究@y世界 |
| 606 | 0 | @a反恐怖活动@x研究@y世界 |
| 606 | 0 | @a恐怖主义 |
| 606 | 0 | @a反恐怖活动 |
| 690 | @aD588@v4 | |
| 701 | 0 | @a刘恩照@Aliu en zhao@f(1922.3~)@4著 |
| 801 | 0 | @aCN@bNLC@c20101222 |
| 905 | @a10447@dD588@eJY23 | |
| 国际恐怖主义/刘恩照著.-北京:世界知识出版社,2006 |
| 14,332页;23cm |
| ISBN 7-5012-3007-2:CNY36.00 |
| 本书引用了大量的国际反恐法规,列举了大量的恐怖活动事件案例,把二者按时间次序,分门别类,介绍给读者。 |
| ● |
| 相关链接 |
|
|
|
|
正题名:国际恐怖主义
索取号:D588/JY23
 
预约/预借
| 序号 | 登录号 | 条形码 | 馆藏地/架位号 | 状态 | 备注 |
| 1 | 7811798 | 278117985 | 学院路分馆/ [索取号:D588/JY23] | 在馆 | |
| 2 | 7811799 | 278117994 | 学院路分馆/ [索取号:D588/JY23] | 在馆 |